00277nam a2200121Ia 4500008004100000100002200041245003900063260001200102260001100114260000900125300000700134650001400141160118s9999 xx 000 0 und d aSenavirathna,D.C. aProduction of Biodiesel from Algai aColombo bIchemc c2011 a33 aBiodiesel